| 000 | 01010cai a22001815a 4500 | ||
|---|---|---|---|
| 001 | L141516 | ||
| 008 | 071128u xxk g 000 0 eng d | ||
| 035 | _a(Sirsi) u141516 | ||
| 041 | 0 | _aeng | |
| 110 | 2 |
_aEnergy Saving Trust _91191 |
|
| 245 | 0 | 0 |
_aGreen Homes Service _h[electronic resource] |
| 520 | _aThe government's Green Homes Services offers a choice of paid-for services to help the public make their homes greener by installing energy efficiency and renewables technologies. The service includes a home energy audit, a personalised environmental action plan, deals from energy companies, and access to grants, loans and financial packages. Website provides access to a carbon dioxide calculator. | ||
| 590 | _aKA | ||
| 651 | 4 |
_aUnited Kingdom _y |
|
| 690 | _aENVIRONMENTAL AND LAND CONSULTANCY-ENERGY-ENERGY USE-ENERGY EFFICIENCY | ||
| 856 | 4 | 0 |
_uhttps://www.energysavingtrust.org.uk/help_and_support/green_homes_service _zView the website free of charge at ww.energysavingtrust.org.uk... |
| 942 | _n0 | ||
| 999 |
_c120636 _d120636 |
||